Matematické modelovanie a riadenie kolesových mobilných robotov

Bibliographic Details
Main Authors: Čerkala, Jakub (Author), Jadlovská, Anna, 1960- (Author)
Format: Book
Language:Slovak
Published: Košice elfa s.r.o. 2019
Edition:Prvé vydanie
Subjects:

MARC

LEADER 00000cam a2200000 4500
001 vtls011884162
003 SK-MaSNL
005 20260301051730.0
008 210701s2019 xo dl frn 000 0 slo
015 |a SNBA2020/07 
020 |a 9788080862732  |q (viazané) 
035 |a urn:nbn:sk:snk-am00fgjs 
035 |a urn:nbn:sk:snk-am3isvj 
035 |a 1083143C-D1CC-4442-917C-F3E873D89234 
040 |a SNK  |b slo  |e rda  |c SNK 
041 0 |a slo 
044 |a xo  |c SK 
072 7 |a 519  |x Kombinatorika. Teória grafov. Matematická štatistika. Operačný výskum. Matematické modelovanie  |2 konspekt 
072 7 |a 004.8  |x Umelá inteligencia  |2 konspekt 
080 |a 519.673  |2 2011 
080 |a 004.8  |2 2011 
080 |a 007.52  |2 2011 
080 |a 629.05  |2 2011 
080 |a (048.8)  |2 2011 
100 1 |a Čerkala, Jakub  |4 aut  |9 359439 
245 1 |a Matematické modelovanie a riadenie kolesových mobilných robotov  |c Jakub Čerkala, Anna Jadlovská 
250 |a Prvé vydanie 
264 1 |a Košice  |b elfa s.r.o.  |c 2019 
300 |a 266 strán  |b grafy, schémy, vzorce  |c 25 cm 
336 |a text  |b txt  |2 rdacontent 
336 |a statický obraz  |b sti  |2 rdacontent 
337 |a bez média  |b n  |2 rdamedia 
338 |a zväzok  |b nc  |2 rdacarrier 
366 |e 100 kusov 
500 |a Obsahuje zoznam použitých skratiek, symbolov, zápisov a označení na strane 1-4 
504 |a Obsahuje bibliografiu na strane 261-266 
650 0 7 |a matematické modelovanie  |2 SNKPH  |9 4279 
650 0 7 |a umelá inteligencia  |2 SNKPH  |9 1830 
650 0 7 |a roboty  |2 SNKPH  |9 28629 
650 0 7 |a navigačná technika  |2 SNKPH  |9 131224 
650 0 7 |a Mathematical modeling  |2 SNKPHeng  |9 98788 
650 0 7 |a Artificial intelligence  |2 SNKPHeng  |9 267376 
650 0 7 |a Robots  |2 SNKPHeng  |9 331627 
650 0 7 |a Navigation technology  |2 SNKPHeng  |9 323583 
655 7 |a monografie  |2 SNKPH  |9 70139 
655 7 |a Monographs  |2 SNKPHeng  |9 120675 
700 1 |a Jadlovská, Anna,  |d 1960-  |4 aut  |9 110449 
710 2 |a Technická univerzita v Košiciach.  |b Fakulta elektrotechniky a informatiky  |4 pbl  |9 124217 
919 |a 978-80-8086-273-2 
958 |a OND 
958 |a NB 
999 |c 604113  |d 606043 
952 |a SNK  |b SNK  |y PREZ  |7 0  |p 17A1426947  |o snkSC 188936  |i snk2020/10255  |8 0  |0 0  |1 0  |4 0  |d 2020-06-11  |f 1  |l 0  |r 2025-10-06 00:00:00  |w 2026-02-23 
952 |a SNK  |b SNK  |y VYP  |7 0  |p 17A1426948  |o snkSC 188936 D1  |i snk2020/10256  |8 0  |0 0  |1 0  |4 0  |d 2020-06-11  |l 0  |r 2026-02-23 16:04:10  |w 2026-02-23